| 000 -LEADER |
| fixed length control field |
00919pab a2200181 454500 |
| 008 - FIXED-LENGTH DATA ELEMENTS--GENERAL INFORMATION |
| fixed length control field |
180718b2002 xxu||||| |||| 00| 0 eng d |
| 100 ## - MAIN ENTRY--PERSONAL NAME |
| Personal name |
Xaxa, Virginius |
| 245 ## - TITLE STATEMENT |
| Title |
Ethnography of reservation in Delhi University |
| 260 ## - PUBLICATION, DISTRIBUTION, ETC. |
| Date of publication, distribution, etc. |
2002 |
| 300 ## - PHYSICAL DESCRIPTION |
| Extent |
p.2849-854. |
| 362 ## - DATES OF PUBLICATION AND/OR SEQUENTIAL DESIGNATION |
| Dates of publication and/or sequential designation |
13 Jul |
| 520 ## - SUMMARY, ETC. |
| Summary, etc. |
In institutions of higher education, three principal social segments are generally identified: students, non-teaching staff and teaching staff. At each of these levels an institution of higher learning is faced with the issue of SC/ST reservation. The response of the institution to each of these levels is far from uniform and unambiguous. An attempt has been made here to discuss these issues in the context of the Delhi University. - Reproduced. |
| 650 ## - SUBJECT ADDED ENTRY--TOPICAL TERM |
| Topical term or geographic name entry element |
Universities - India - Delhi |
| 650 ## - SUBJECT ADDED ENTRY--TOPICAL TERM |
| Topical term or geographic name entry element |
Universities - India |
| 650 ## - SUBJECT ADDED ENTRY--TOPICAL TERM |
| Topical term or geographic name entry element |
Universities |
| 773 ## - HOST ITEM ENTRY |
| Main entry heading |
Economic and Political Weekly |
| 909 ## - |
| -- |
53044 |